000
00189 a2200097 4500
020
_a
9780545589192
041
_a
eng
100
_a
Urbanovic, Jackie
245
_a
Ducks in a row
942
_c
BK
999
_c
31682
_d
31680